|
|
|
|
| LEADER |
00952nam a2200253 a 4500 |
| 001 |
1541915 |
| 008 |
090809r20001991nyu 000 1 eng d |
| 010 |
|
|
|a 91013204
|
| 020 |
|
|
|a 0141182679
|
| 040 |
|
|
|a DLC
|c DLC
|d DLC
|
| 082 |
0 |
0 |
|a 813/.54
|2 20
|
| 100 |
1 |
|
|a Kerouac, Jack,
|d 1922-1969.
|
| 245 |
1 |
0 |
|a On the road /
|c Jack Kerouac ; introduction by Ann Charters.
|
| 260 |
|
|
|a New York, N.Y., U.S.A. :
|b Penguin Books,
|c 1991.[reprinted 2000]
|
| 300 |
|
|
|a xxxiii, 280 p. ;
|c 20 cm.
|
| 490 |
0 |
|
|a Penguin classics
|
| 541 |
1 |
|
|e 00014375
|
| 504 |
|
|
|a Includes bibliographical references (p. [xxxi]-xxxiii).
|
| 650 |
|
0 |
|a Beat generation
|x Fiction.
|
| 655 |
|
7 |
|a Autobiographical fiction.
|2 gsafd
|
| 852 |
4 |
|
|a Ayesha Abed Library
|j General Shelf.
|
| 942 |
0 |
0 |
|0 2
|
| 999 |
|
|
|c 3379
|d 3379
|
| 952 |
|
|
|0 0
|1 0
|2 ddc
|4 0
|6 813_540000000000000_KER
|7 0
|9 3069
|a BRACUL
|b BRACUL
|c GEN
|d 2009-08-31
|g 775.00
|l 11
|m 130
|o 813.54 KER
|p 3010014375
|r 2020-02-19
|s 2019-07-04
|t 1
|w 2009-08-31
|y BK
|